History Quiz

Random History Quiz

Roman History 753 BC to 264 BC Quiz Stats

 Plays Quiz not verified by Sporcle

Score 0/25 Timer 10:00
0 Plays Today
Clue Answer % Correct
Rome was said to have been founded by which 2 twins?Romulus and Remus
95.3%
Rome was founded in what year?753 BC
84.5%
These twins were suckled by which animal?She-Wolf
81.4%
76%
Number of Consuls annuallyTwo
74.4%
Form of government after monarchyRepublic
68.2%
Number of Samnite WarsThree
64.3%
Archaology reveals city life actually began in what century8th or 9th century
62%
The hut of Romulus is located on what hill?Palatine Hill
58.1%
Where did Rome come into direct conflict with Carthage?Sicily
55.8%
Last Etruscan kingTarquinius Superbus
55%
Of what dynasty were the Tarquins?Etruscan
49.6%
First major land gain of Rome (capturing what city)Veii
49.6%
Clue Answer % Correct
Rome was then invaded by which king of Epirus?Pyrrhus
48.1%
What allowed for the draining of the Forum valley?Cloaca Maxima
35.7%
Name of Etruscan-Style temple built on the CapitolTemple of Juipter Capitolinus
27.9%
Name of oldest Roman defence that survives todayServian Wall
27.9%
When did the Tarquins take control of Rome?Late 7th century
25.6%
Name of the wooden bridge built across the Tiber?Pons Sublicius
25.6%
Of what materials were the Hut of Romulus made?Wattle, daub and thatched roofs
24%
Celtic raiding parties defeated Rome at what battle?Battle of the Allia River
24%
Dates of the Latin War340 - 338 BC
20.2%
Rome then extended its power east to the ____Adriatic Sea
19.4%
Name one of the two ways Romans disposed of their deadCremations or Inhumations
18.6%
Rome also extended its power south to the ____Bay of Naples
16.3%

You're not logged in!

Compare scores with friends on all Sporcle quizzes.
OR
Log In

Show Comments

Extras

Created Nov 28, 2010ReportNominate
Tags:aspect, roman

Top Quizzes Today


Score Distribution

Your Account Isn't Verified!

In order to create a playlist on Sporcle, you need to verify the email address you used during registration. Go to your Sporcle Settings to finish the process.

Report this User

Report this user for behavior that violates our Community Guidelines.

Details: